| 000 | 00393nam a2200145Ia 4500 | ||
|---|---|---|---|
| 008 | 231129s1999||||xx |||||||||||||| ||spa|| | ||
| 020 | _a958-02-1429-8 | ||
| 040 | _bspa | ||
| 082 | _a986.1 M375h | ||
| 100 | _aMarta Julia Fernanda | ||
| 245 | 0 | _aHuellas: Historia socioeconomica de Colombia | |
| 260 | _c1999 | ||
| 264 | _aVoluntad | ||
| 942 |
_2ddc _cBKS |
||
| 999 |
_c15496 _d15496 |
||